000
00174nam a2200073Ia 4500
008
170817s9999 xx 000 0 und d
100
_a
Prakash.Vijoy
245
0
_a
Creative learning
260
_b
Viva BooksPub.
999
_c
38416
_d
38416